[Event "IM"]
[Site "Bois-Colombes"]
[Date "1999.05.01"]
[Round "8"]
[White "Krivokapic, Ratko"]
[Black "Sallen, Laurent"]
[Result "1-0"]
[WhiteElo "2216"]
[BlackElo "2210"]
[PlyCount "85"]
[EventDate "1999.??.??"]

1. e4 d5 2. exd5 Nf6 3. Bb5+ Bd7 4. Be2 Nxd5 5. d4 Bf5 6. Nf3 e6 7. O-O Be7 8.
c4 Nb4 9. Na3 O-O 10. Bf4 a6 11. Qd2 Nd7 12. Rad1 Nf6 13. h3 h6 14. Ne5 c5 15.
Qe3 cxd4 16. Rxd4 Qb6 17. Bxh6 gxh6 18. Rg4+ Nxg4 19. Qxb6 Nxe5 20. Qe3 Nbd3
21. Qxh6 Nxb2 22. Qe3 Nbd3 23. Nc2 Rfd8 24. Rd1 Bg6 25. Qg3 Bc5 26. Ne3 Rd7 27.
h4 Kh8 28. h5 Bh7 29. Qg5 Be7 30. Qh6 Rg8 31. f4 Bf8 32. Qf6+ Bg7 33. Qh4 Rd4
34. h6 Rxf4 35. hxg7+ Rxg7 36. Qh2 Kg8 37. Rxd3 Nxd3 38. Bxd3 e5 39. Bxh7+ Rxh7
40. Qg3+ Rg7 41. Qh3 f6 42. Qe6+ Kh7 43. Nd5 1-0

[Event "IM"]
[Site "Bois-Colombes"]
[Date "1999.05.01"]
[Round "8"]
[White "Zigura, Oleg"]
[Black "Plane, Boris"]
[Result "1-0"]
[WhiteElo "2430"]
[BlackElo "2132"]
[PlyCount "54"]
[EventDate "1999.??.??"]

1. e4 e5 2. Nf3 Nc6 3. Bb5 a6 4. Ba4 Nf6 5. Bxc6 dxc6 6. d3 Bd6 7. Nbd2 Bd7 8.
b3 O-O 9. Bb2 Qe7 10. Nc4 Bg4 11. h3 Bxf3 12. Qxf3 b5 13. Ne3 Nd7 14. Nf5 Qf6
15. O-O Rfe8 16. a4 b4 17. Rad1 c5 18. Qg4 Nf8 19. f4 Qg6 20. Qf3 Rad8 21. g4
h5 22. Nxd6 hxg4 23. hxg4 cxd6 24. f5 Qf6 25. Kg2 Rd7 26. Bc1 d5 27. g5 Qd8 1-0

[Event "IM"]
[Site "Bois-Colombes"]
[Date "1999.05.02"]
[Round "9"]
[White "Gervasio, Ricardo"]
[Black "Zigura, Oleg"]
[Result "0-1"]
[WhiteElo "2369"]
[BlackElo "2430"]
[PlyCount "65"]
[EventDate "1999.??.??"]

1. d4 d5 2. c4 e6 3. Nc3 Be7 4. Nf3 Nf6 5. Bg5 O-O 6. e3 Ne4 7. h4 h6 8. Bxe7
Qxe7 9. Nxe4 dxe4 10. Nd2 e5 11. d5 f5 12. Qc2 Nd7 13. O-O-O Nc5 14. b4 Nd3+
15. Bxd3 exd3 16. Qxd3 Qxb4 17. Qb3 Qc5 18. Nf3 e4 19. Ne5 Qd6 20. Qc3 Re8 21.
f4 exf3 22. Nxf3 Bd7 23. c5 Qg3 24. Rh3 Qf2 25. Ne5 Ba4 26. Nd3 Qxa2 27. Rg3
Re7 28. d6 cxd6 29. cxd6 Bxd1 30. dxe7 Bg4 31. Qc7 Re8 32. Rxg4 fxg4 33. Ne5
0-1